| 000 | 006020000a22001810004500 | ||
|---|---|---|---|
| 003 | MACL | ||
| 005 | 20160212141059.0 | ||
| 008 | 160212b xxu||||| |||| 00| 0 eng d | ||
| 040 |
_aMACL _cMACL |
||
| 041 | _aHindi | ||
| 082 | _a320 | ||
| 100 |
_aगांधी मोहनदास करमचंद _937743 |
||
| 245 | _aहिन्द-स्वराज्य | ||
| 260 |
_bसस्ता साहित्य पण्डल प्रकाशन _c1953 _aनई दिल्ली |
||
| 350 | _a0.12 | ||
| 650 |
_aPolotical Science _91991 |
||
| 942 |
_cHIN _k320 _2ddc |
||
| 999 |
_c24185 _d24185 |
||